Statistics for New Zealand Rugby All Blacks - Top Pointscorer by year 1980s

Click here to take the quiz!

General Stats

  • This quiz has been taken 54 times
  • The average score is 7 of 10

Answer Stats

YearPointsPlayer% Correct
198871Grant Fox
100%
1987140Grant Fox
100%
1989117Grant Fox
100%
198166Allan Hewson
78%
198242Allan Hewson
78%
198360Allan Hewson
78%
198434Allan Hewson
78%
198562Kieran Crowley
43%
198625Greg Cooper
33%
198023Brett Codlin
20%

Score Distribution

Percentile by Number Answered

Percent of People with Each Score

Your Score History

You have not taken this quiz